00451nam a2200121Ia 4500008004100000100002500041245011900066245004900185260000900234300001100243650001300254856006200267170221s9999 xx 000 0 und d aKarthik Balakrishnan 4aThe Effect of Accounting Conservatism on Corporate Investment during the Global Financial Crisis (pages 513–542) cKarthik Balakrishnan, Ross Watts and Luo Zuo c2012 a20 : 1 xBusiness uhttp://onlinelibrary.wiley.com/doi/10.1111/jbfa.12206/pdf